Legislacin̤ Refundida

Bibliographic Details
Format: Unknown
Language:Spanish
Published: Espaą : [s.n]
Subjects:
Online Access:Acceso restringido

MARC

LEADER 00000ny a22000003n 4500
005 20110517103958.0
008 100413s sp 000 spa d
035 |a 62 
040 |a BUS  |d vLex 
090 |c 2000  |d 2000 
245 0 0 |a Legislacin̤ Refundida  |h [Recurso electrn̤ico] 
256 |a Servicio en ln̕ea 
260 |a Espaą :  |b [s.n] 
310 |a Irregular 
650 0 4 |a Legislacin̤  |z Espaą  |x Publicaciones perid̤icas 
740 0 |a vLex Revista (Servicios en ln̕ea) 
843 |a Electrn̤ica. Abierta 
853 |8 1  |i (year)  |j (month)  |k (day) 
856 4 0 |z Acceso restringido  |u http://vlex.com/account/login_ip?fuente_id=62  
942 |c REV